ESPN Top 100 Athletes Since 2000 (2024) - Statistics

General Stats
  • This quiz has been taken 134 times
  • The average score is 38 of 100
Answer Stats
% Correct
4 USA πŸ€ LeBron James ♂️
100%
3 ARG ⚽ Lionel Messi ♂️
98%
2 USA 🎾 Serena Williams ♀️
98%
13 POR ⚽ Cristiano Ronaldo ♂️
96%
87 BRA ⚽ Ronaldo Nazario ♂️
96%
1 USA 🏊 Michael Phelps ♂️
95%
8 USA β›³ Tiger Woods ♂️
95%
5 USA 🏈 Tom Brady ♂️
93%
9 JAM πŸƒ Usain Bolt ♂️
92%
86 USA 🎾 Venus Williams ♀️
89%
14 USA πŸ€ Stephen Curry ♂️
85%
10 USA πŸ€ Kobe Bryant ♂️
84%
6 SUI 🎾 Roger Federer ♂️
83%
11 SRB 🎾 Novak Djokovic ♂️
82%
12 ESP 🎾 Rafael Nadal ♂️
81%
7 USA 🀸 Simone Biles ♀️
71%
39 USA πŸ€ Kevin Durant ♂️
65%
28 SRB πŸ€ Nikola Jokic ♂️
63%
19 GBR 🏎️ Lewis Hamilton ♂️
61%
18 USA 🏈 Patrick Mahomes ♂️
56%
42 GRE πŸ€ Giannis Antetokounmpo ♂️
53%
41 GER πŸ€ Dirk Nowitzki ♂️
52%
25 USA πŸ₯Š Floyd Mayweather ♂️
52%
65 FRA ⚽ Kylian Mbappe ♂️
52%
26 USA 🏈 Peyton Manning ♂️
51%
67 USA πŸ€ James Harden ♂️
50%
16 USA πŸ€ Tim Duncan ♂️
50%
17 USA πŸ€ Shaquille OΒ΄Neal ♂️
49%
75 ESP ⚽ Xavi ♂️
48%
91 USA 🏈 Aaron Rodgers ♂️
46%
57 USA 🏈 Calvin Johnson ♂️
46%
47 USA 🏎️ Jimmie Johnson ♂️
46%
94 BRA ⚽ Ronaldinho ♂️
45%
62 JPN ⚾ Shohei Ohtani ♂️
45%
70 ESP ⚽ AndrΓ©s Iniesta ♂️
43%
35 USA πŸ€ Dwayne Wade ♂️
43%
29 GER 🏎️ Michael Schumacher ♂️
43%
55 CRO ⚽ Luka Modric ♂️
42%
50 FRA ⚽ Zinedine Zidane ♂️
42%
15 USA 🏊 Katie Ledecky ♀️
41%
48 FRA ⚽ Thierry Henry ♂️
41%
66 USA πŸ₯Š Jon Jones ♂️
40%
95 SWE ⚽ Zlatan IbrahimoviΔ‡ ♂️
39%
80 GBR 🎾 Andy Murray ♂️
38%
23 USA πŸ€ Kevin Garnett ♂️
37%
43 USA ⚾ Alex Rodriguez ♂️
36%
71 PHI πŸ₯Š Manny Pacquiao ♂️
36%
54 RUS πŸ’ Alexander Ovechkin ♂️
34%
83 USA πŸ€ Chris Paul ♂️
34%
53 USA ⚾ Derek Jeter ♂️
34%
22 CAN πŸ’ Sidney Crosby ♂️
34%
85 USA πŸ€ Kawhi Leonard ♂️
33%
51 USA πŸ€ Steve Nash ♂️
32%
30 USA ⚾ Mike Trout ♂️
30%
37 JPN ⚾ Ichiro Suzuki ♂️
29%
72 USA πŸ‚ Shaun White ♂️
29%
93 GBR β›³ Rory McIlroy ♂️
28%
45 USA ⚾ David Ortiz ♂️
27%
84 USA πŸ€ Lauren Jackson ♀️
27%
60 USA πŸ€ Candace Parker ♀️
26%
27 USA 🏈 Randy Moss ♂️
24%
20 USA 🏈 Aaron Donald ♂️
23%
90 USA πŸ€ AΒ΄ja Wilson ♀️
23%
24 DOM ⚾ Albert Pujols ♂️
23%
32 BRA ⚽ Marta ♀️
23%
58 USA 🏈 J.J. Watt ♂️
22%
40 USA ⚾ Justin Verlander ♂️
21%
61 USA 🏈 Ray Lewis ♂️
21%
98 CAN πŸ’ Connor McDavid ♂️
20%
33 VEN ⚾ Miguel Cabrera ♂️
20%
38 USA ⚾ Barry Bonds ♂️
19%
31 USA ⚾ Clayton Kershaw ♂️
17%
69 USA πŸ€ Jason Kidd ♂️
17%
56 ESP ⚽ Alexia Putellas ♀️
16%
64 USA ⚽ Mia Hamm ♀️
15%
92 DOM ⚾ Pedro Martinez ♂️
15%
46 USA ⚾ Max Scherzer ♂️
14%
59 PAN ⚾ Mirano Rivera ♂️
13%
79 USA ⚾ Bryce Harper ♂️
12%
21 USA πŸ€ Diana Taurasi ♀️
12%
99 USA 🏈 Ed Reed ♂️
11%
73 USA ⚾ Mookie Betts ♂️
11%
97 IND 🏏 Virat Kohli ♂️
11%
76 CAN πŸ₯Š Georges St-Pierre ♂️
10%
36 USA πŸ€ Maya Moore ♀️
10%
44 USA ⛷️ Mikaela Shiffrin ♀️
9%
49 ESP ⚽ Aitana Bonmati ♀️
8%
68 USA β›³ Phil Mickleson ♂️
8%
77 JAM πŸƒ Shelly-Ann Fraser Pryce ♀️
7%
63 USA πŸƒ Allyson Felix ♀️
6%
89 SWE β›³ Annika Sorenstam ♀️
6%
96 USA 🏈 Darrelle Revis ♂️
6%
74 USA πŸ€ Lisa Leslie ♀️
5%
52 DOM ⚾ AdriΓ‘n BeltrΓ© ♂️
4%
88 USA ⚾ Roy Halladay ♂️
4%
81 USA πŸ€ Sheryl Swoopes ♀️
4%
78 USA πŸ₯Š Bernard Hopkins ♂️
3%
100 USA 🏈 Charles Woodson ♂️
3%
82 JPN 🀸 Kohei Uchimura ♂️
3%
34 USA πŸ€ Tamika Catchings ♀️
3%
No matching quizzes found
Score Distribution
Percent of People with Each Score
Percentile by Number Answered
Your Score History
You have not taken this quiz